| 000 | 00773nam a2200241 4500 | ||
|---|---|---|---|
| 001 | 14000 | ||
| 003 | BD-JhCC | ||
| 005 | 20240522180925.0 | ||
| 008 | 171003s2006 ben |||| ||a| 000 0 ben d | ||
| 020 | _a9844151929 | ||
| 035 | _a(BD-JhCC)14000 | ||
| 040 |
_aBD-JhCC _dBD-JhCC |
||
| 041 | _aben | ||
| 082 |
_a891.443 _bGOR 2006 |
||
| 100 | _aগোর্কি, মাক্সিম্ | ||
| 245 |
_aত্রিপিটক উপন্যাস / _cমাক্সিম্ গোর্কি, সম্পা: হায়াৎ মামুদ |
||
| 260 |
_aঢাকা: _bঅবসর; _c2006. |
||
| 300 |
_a651 p. : _c21 cm. |
||
| 650 | _aBengle Novel | ||
| 651 | _aউপন্যাস | ||
| 700 | _a মামুদ, হায়াৎ | ||
| 942 |
_2ddc _cBK |
||
| 999 |
_c14000 _d14000 |
||